| 000 | 00670cam a22002414i 4500 | ||
|---|---|---|---|
| 001 | 18113158 | ||
| 005 | 20180316042837.0 | ||
| 008 | 140411s2014 mauab b 001 0 eng | ||
| 010 | _a 2014379365 | ||
| 020 | _a9780133043600 | ||
| 040 |
_aDLC _beng _erda _cDLC |
||
| 041 | _aeng | ||
| 042 | _apcc | ||
| 080 | _a658 ste | ||
| 082 | _2658 ste | ||
| 100 | 1 | _a54 | |
| 101 | _aman | ||
| 245 | 1 | 0 |
_aManagement / _cStephen P. Robbins, Mary Coulter. |
| 504 | _aIncludes bibliographical references (pages 588-654) and indexes. | ||
| 906 |
_a7 _bcbc _corigcop _d2 _encip _f20 _gy-gencatlg |
||
| 942 |
_2ddc _cBK |
||
| 999 |
_c45191 _d45191 |
||